书目信息 |
| 题名: |
电路和模拟电子技术实验指导书
|
|
| 作者: | 刘泾 主编 | |
| 分册: | ||
| 出版信息: | 北京 高等教育出版社 2016.05 |
|
| 页数: | 264页 | |
| 开本: | 26cm | |
| 丛书名: | ||
| 单 册: | ||
| 中图分类: | TM13-33 , TN710-33 | |
| 科图分类: | ||
| 主题词: | 电路理论--dian lu li lun--实验--高等学校--教学参考资料 , 模拟电路--mo ni dian lu--电子技术--实验--高等学校--教学参考资料 | |
| 电子资源: | ||
| ISBN: | 978-7-04-044534-3 | |
| 000 | 00975nam0 2200265 450 | |
| 001 | 0106081734 | |
| 005 | 20201109081948.46 | |
| 010 | @a978-7-04-044534-3@dCNY28.20 | |
| 100 | @a20160826e20192016em y0chiy50 ea | |
| 101 | 0 | @achi |
| 102 | @aCN@b110000 | |
| 105 | @aa z 000yy | |
| 106 | @ar | |
| 200 | 1 | @a电路和模拟电子技术实验指导书@Adian lu he mo ni dian zi ji shu shi yan zhi dao shu@f刘泾主编 |
| 205 | @a2版 | |
| 210 | @a北京@c高等教育出版社@d2016.05@h2019.12 | |
| 215 | @a264页@c图@d26cm | |
| 330 | @a本书包含三个部分:电路实验、电子技术实验和附录。其中电路实验和电子技术实验部分三个模块:基础实验模块、自学开放实验模块和自主开放实验模块。 | |
| 606 | 0 | @a电路理论@Adian lu li lun@x实验@x高等学校@j教学参考资料 |
| 606 | 0 | @a模拟电路@Amo ni dian lu@x电子技术@x实验@x高等学校@j教学参考资料 |
| 690 | @aTM13-33@v5 | |
| 690 | @aTN710-33@v5 | |
| 701 | 0 | @a刘泾@Aliu jing@f(1959- )@4主编 |
| 801 | 0 | @aCN@bBJSZM@c20201106 |
| 905 | @b1190232-5@dTM13-33@e178=2@f4 | |
| 电路和模拟电子技术实验指导书/刘泾主编.-2版.-北京:高等教育出版社,2016.05(2019.12) |
| 264页:图;26cm |
| ISBN 978-7-04-044534-3:CNY28.20 |
| 本书包含三个部分:电路实验、电子技术实验和附录。其中电路实验和电子技术实验部分三个模块:基础实验模块、自学开放实验模块和自主开放实验模块。 |
| ● |
| 相关链接 |
|
|
|
|
正题名:电路和模拟电子技术实验指导书
索取号:TM13-33/178=2
 
预约/预借
| 序号 | 登录号 | 条形码 | 馆藏地/架位号 | 状态 | 备注 |
| 1 | 1190232 | 211902324 | 第二样本阅览室/ [索取号:TM13-33/178=2] | 在馆 | |
| 2 | 1190233 | 211902333 | 第三借阅区/ [索取号:TM13-33/178=2] | 在馆 | |
| 3 | 1190234 | 211902342 | 第三借阅区/ [索取号:TM13-33/178=2] | 在馆 | |
| 4 | 1190235 | 211902351 | 第三借阅区/ [索取号:TM13-33/178=2] | 在馆 |